[Event "45th Olympiad 2024"]
[Site "Budapest HUN"]
[Date "2024.09.18"]
[Round "7.23"]
[Board "3"]
[White "Bologan, Victor"]
[Black "Culum, Sanjin"]
[Result "1-0"]
[WhiteElo "2598"]
[BlackElo "2409"]
[PlyCount "69"]
[EventDate "2024.09.11"]
[WhiteTeam "Moldova"]
[BlackTeam "Bosnia & Herzegovina"]
[WhiteTeamCountry "MDA"]
[BlackTeamCountry "BIH"]

1. e4 {Szabo,Krisztian} c5 2. Nf3 d6 3. d4 cxd4 4. Nxd4 Nf6 5. Nc3 a6 6. h3 e5 ({RR} 6... e6 7. g4 Nfd7 8. Bg2 Be7 9. Be3 Nc6 10. h4 Nde5 11. g5 Bd7 12. Nxc6 Bxc6 13. b3 f5 14. f4 Ng4 15. Qe2 Nxe3 16. Qxe3 fxe4 17. O-O-O d5 18. Nxe4) 7. Nde2 h5 8. Bg5 ({RR} 8. g3) 8... Be6 9. Bxf6 Qxf6 10. Nd5 Qd8 11. Qd3 ({RR} 11. Nec3) 11... Nd7 12. Nec3 g6 13. O-O-O Rc8 14. Kb1 Nc5 ({RR} 14... Rc5 15. Be2 b5 ({RR} 15... Bg7) ({RR} 15... Bh6) 16. a3 ({RR} 16. f4 exf4 17. Qd4 Rh7 18. Nxf4) 16... Nb6 17. g4 hxg4 18. Nxb6 ({RR} 18. hxg4 Rxh1 19. Rxh1 Bxd5 20. exd5 {RR} Bg7 21. Ne4 Rxd5 22. Qc3) 18... Qxb6 19. hxg4 Rxh1 20. Rxh1 Bg7 21. Qe3 Qb7 ({RR} 21... a5 22. b4) ({RR} 21... Rc6) 22. Rd1 Qc7 23. g5 Qc6 24. Rg1 Qd7 ({RR} 24... a5 25. Bg4 b4 26. Bxe6 fxe6 27. axb4 axb4) 25. Qg3 Rc8 26. Bg4 Bxg4 ({RR} 26... a5 27. Bxe6 fxe6 28. Qd3 Rb8 29. Nd1 Qc6 30. Ne3) 27. Qxg4 Qxg4 28. Rxg4 Bf8 29. Nd5 {1-0 Anand,V (2796)-Topalov,V (2803) London Classic 7th 2015 (5)}) ({RR} 14... Bh6) 15. Qe2 Bg7 16. h4 O-O $146 ({RR} 16... b5 17. a3 Rb8 18. g3 Qd7 19. f3 O-O 20. g4 f5 21. exf5 gxf5 22. gxh5 Qf7 23. Rg1 Qxh5 24. Rg5 Qf7 25. Bh3 Kh7 26. h5 Na4 27. Rg6 Nxc3+ 28. Nxc3 d5 29. Rdg1 Rg8 30. Qd2 Rbe8 31. Qg5 {1-0 Yilmaz,B (2280)-Vasilkov,N (2066) 17th Paracin Open A 2024 (5.34)}) 17. f3 f5 18. Qe3 Kh7 19. Be2 Bh6 20. Qg1 Bxd5 21. Nxd5 fxe4 22. fxe4 Nxe4 23. g4 hxg4 24. h5 Nf2 25. Bxg4 Qg5 26. Bxc8 Nxd1 27. Qxd1 Rxc8 28. Rg1 Qd2 29. Qxd2 Bxd2 30. Rxg6 e4 31. c3 Rf8 32. Nf6+ Kh8 33. Nxe4 Rf1+ 34. Kc2 Bf4 35. Nf6 1-0

[Event "45th Olympiad 2024"]
[Site "Budapest HUN"]
[Date "2024.09.18"]
[Round "7.23"]
[Board "4"]
[White "Marjanovic, Dejan"]
[Black "Iordachescu, Viorel"]
[Result "1-0"]
[WhiteElo "2365"]
[BlackElo "2572"]
[PlyCount "87"]
[EventDate "2024.09.11"]
[WhiteTeam "Bosnia & Herzegovina"]
[BlackTeam "Moldova"]
[WhiteTeamCountry "BIH"]
[BlackTeamCountry "MDA"]

1. d4 {ChessBase II} Nf6 2. Bg5 e6 3. e4 c5 4. d5 h6 5. Bxf6 Qxf6 6. Nc3 a6 7. Nf3 d6 8. a4 Nd7 ({RR} 8... Qe7 9. Bc4 e5 10. Be2 g6 11. O-O h5 12. Nd2 Bh6 13. Nc4 Nd7 14. a5 O-O 15. Na4 Rb8 16. Nab6 Nf6 17. Qd3 Nh7 18. Rab1 f5 19. Nxc8 Rbxc8 20. exf5 Rxf5 21. Bf3 Ng5 22. Be4 Nxe4 23. Qxe4 {½-½ Kryakvin,D (2595)-Romanov,E (2614) RUS-ch blitz 2018 (13.21)}) 9. Be2 g5 10. O-O $146 ({RR} 10. dxe6 fxe6 11. Nd2 Ne5 12. Bh5+ Ke7 13. O-O Bg7 14. g3 Nc6 ({RR} 14... Bd7) 15. Nc4 Qd4 16. Qe2 Bd7 17. Rad1 Raf8 18. Rxd4 Nxd4 19. Qd1 b5 20. axb5 axb5 21. Ne3 Bc6 22. Re1 Kd7 23. Ncd5 b4 24. c3 bxc3 {1-0 Sahovic,D (2470)-Ermenkov,E (2490) EU-chT 08th Group1 1981 (2)}) ({RR} 10. Nd2) 10... h5 11. dxe6 fxe6 12. e5 Nxe5 13. Nxe5 Qxe5 14. Bxh5+ Kd8 15. Re1 Qf6 16. Bg4 Bd7 17. h3 Kc7 18. Ne4 Qg7 19. Qd2 Be7 20. Qe3 Raf8 21. a5 Qd4 22. Qb3 Rf4 23. c3 Qg7 24. Bxe6 Bb5 25. c4 Bc6 26. Bd5 Bxd5 27. cxd5 g4 28. Nxd6 Rb4 29. Qc3 Qxc3 30. bxc3 Rb3 31. Nf7 Bf6 32. Nxh8 Bxh8 33. Rad1 Bxc3 34. Re3 Kd6 35. hxg4 c4 36. Re6+ Kd7 37. Re4 Bxa5 38. Rxc4 Bc3 39. d6 Be5 40. g5 Rb6 41. Rc7+ Kd8 42. g6 Rxd6 43. Rxd6+ Kxc7 44. Re6 1-0

[Event "45th Olympiad 2024"]
[Site "Budapest HUN"]
[Date "2024.09.18"]
[Round "7.24"]
[Board "1"]
[White "Bachmann, Axel"]
[Black "Albornoz Cabrera, Carlos Daniel"]
[Result "1/2-1/2"]
[WhiteElo "2560"]
[BlackElo "2579"]
[PlyCount "89"]
[EventDate "2024.09.11"]
[WhiteTeam "Paraguay"]
[BlackTeam "Cuba"]
[WhiteTeamCountry "PAR"]
[BlackTeamCountry "CUB"]

1. d4 Nf6 2. Nf3 d5 3. c4 e6 4. g3 dxc4 5. Bg2 Nc6 6. O-O Rb8 7. Nc3 b5 8. Ne5 Nxe5 9. dxe5 Nd7 10. Qd4 Bb7 11. Bxb7 Rxb7 12. Rd1 c5 13. Qe4 Qc8 14. a4 b4 15. Nb5 a6 16. Nd6+ Bxd6 17. Rxd6 O-O 18. Rxa6 c3 19. bxc3 bxc3 20. Rd6 $146 ({RR} 20. Rc6 Qa8 21. Rd6 Qb8 22. Qe3 c2 23. Qc3 Nxe5 24. Qxe5 Rb1 25. Kg2 Rxa1 26. Bb2 Qxb2 {0-1 Rohde,U (2197)-Kniest,O (2305) NRW Class2 0910 2009 (5.1)}) 20... Rb4 21. Qe3 Nb6 22. Qxc3 Nxa4 23. Qc2 Nb6 24. Bd2 Rb5 25. Qd3 c4 26. Qd4 Nd5 27. e4 Ne7 28. Rc1 Rc5 29. h4 h5 30. Bb4 Rc7 31. Ba5 Rc5 32. Bb4 Rc7 33. Qd1 Qb7 34. Rd8 Rxd8 35. Qxd8+ Kh7 36. Bd6 Rd7 37. Qe8 Nc8 38. Bc5 Qc6 39. Kh2 Rc7 40. Qxc6 Rxc6 41. Bd4 Ne7 42. Kg2 Kg6 43. Kf3 f5 44. exf6 gxf6 45. Ke2 1/2-1/2

[Event "45th Olympiad 2024"]
[Site "Budapest HUN"]
[Date "2024.09.18"]
[Round "7.24"]
[Board "2"]
[White "Quesada Perez, Luis Ernesto"]
[Black "Delgado Ramirez, Neuris"]
[Result "1/2-1/2"]
[WhiteElo "2578"]
[BlackElo "2484"]
[PlyCount "88"]
[EventDate "2024.09.11"]
[WhiteTeam "Cuba"]
[BlackTeam "Paraguay"]
[WhiteTeamCountry "CUB"]
[BlackTeamCountry "PAR"]

1. d4 Nf6 2. c4 e6 3. Nf3 d5 4. Nc3 c5 5. cxd5 cxd4 6. Qxd4 exd5 7. Bg5 Be7 8. e3 O-O 9. Qa4 ({RR} 9. Rd1 Be6 10. Bd3 h6 11. Bh4 Qa5 12. Bb1 Qa6 13. Qd3 Qxd3 14. Bxd3 Nc6 15. O-O g5 16. Bg3 Nh5 17. Ne2 Nxg3 18. hxg3 Bf6 19. Nfd4 Rac8 20. f3 Nxd4 21. Nxd4 Bxd4 22. exd4 Rfe8 23. Kf2 Bd7 {½-½ So,W (2760)-Giri,A (2768) 11th Norway Chess 2023 (3.5)}) 9... h6 ({RR} 9... Nbd7 10. Rd1 Nc5 11. Qc2 Be6 12. Be2 Rc8 13. Qb1 h6 14. Bh4 Qb6 15. O-O Nce4 16. Nxe4 dxe4 17. Nd4 Rfd8 18. h3 a6 19. Bxf6 Bxf6 20. Nxe6 fxe6 21. Qxe4 Bxb2 22. Bg4 Kf7 23. Bxe6+ Qxe6 24. Qxb7+ {1-0 Narayanan,S (2668)-Zhukova,N (2306) Baku Open 2024 (4.12)}) 10. Bh4 Qb6 11. Qb5 g5 $146 ({RR} 11... Qxb5 12. Bxb5 Nc6 13. O-O Bg4 14. Nd4 Nxd4 15. exd4 Be6 16. Rfe1 Rfc8 17. Bd3 Bb4 18. Rac1 Nh5 19. a3 Bxc3 20. Rxc3 Rxc3 21. bxc3 Rc8 22. Rc1 g5 23. Bg3 Nxg3 24. hxg3 Rc6 25. f3 Kg7 26. g4 {½-½ Mishra,A (2517)-Garifullina,L (2409) Hou Yifan Challenge rapid 2021 (13)}) ({RR} 11... Be6 12. Be2 Nc6 13. O-O Qxb5 14. Nxb5 g5 15. Bg3 Ne4 16. Nfd4 Nxd4 17. Nxd4 Nxg3 18. hxg3 Bf6 19. Rfc1 Rfc8 20. Bd3 Rxc1+ 21. Rxc1 Rc8 22. Rd1 Kg7 23. Kf1 Bxd4 24. exd4 Bg4 25. f3 Bh5 26. Ke2 {½-½ Cuenca Jimenez,J (2558)-Song,J (2373) Sunway Formentera op 1st 2022 (10)}) ({RR} 11... Nc6 12. Rd1 Be6 13. Bxf6 Bxf6 14. Nxd5 Bxd5 15. Rxd5 Bxb2 16. Bc4 Nb4 17. Qxb6 axb6 18. Rd7 Rac8 19. Bb3 Rc1+ 20. Rd1 Rxd1+ 21. Kxd1 Ra8 22. Kd2 Nxa2 23. Rb1 Bc3+ 24. Kd3 Bf6 25. Bc4 Nc3 26. Rxb6 {½-½ Gunina,V (2462)-Garifullina,L (2409) RUS-ch (Women) 71st 2021 (4)}) 12. Bg3 Bb4 13. Be5 Qxb5 14. Bxb5 Ne4 15. a3 Bxc3+ 16. Bxc3 Nxc3 17. bxc3 Bd7 18. Bd3 Nc6 19. Kd2 Na5 20. Nd4 Kg7 21. Rhb1 b6 22. Ba6 Rad8 23. a4 Kf6 24. Rb4 Bc8 25. Bd3 Be6 26. h4 Rc8 27. Rh1 Nc6 28. Rb5 g4 29. Ra1 Na5 30. Rb4 Rg8 31. Re1 Nc6 32. Rb5 Na5 33. Ra1 Rc5 34. Rb4 Bd7 35. Ra3 Rgc8 36. Nb5 Bxb5 37. axb5 h5 38. Rf4+ Kg7 39. Kc2 R8c7 40. Rf5 Nc4 41. Rb3 Na5 42. Ra3 Nc4 43. Rb3 Na5 44. Ra3 Nc4 1/2-1/2

[Event "45th Olympiad 2024"]
[Site "Budapest HUN"]
[Date "2024.09.18"]
[Round "7.24"]
[Board "3"]
[White "Cubas, Jose Fernando"]
[Black "Miranda Mesa, Elier"]
[Result "0-1"]
[WhiteElo "2417"]
[BlackElo "2512"]
[PlyCount "84"]
[EventDate "2024.09.11"]
[WhiteTeam "Paraguay"]
[BlackTeam "Cuba"]
[WhiteTeamCountry "PAR"]
[BlackTeamCountry "CUB"]

1. e4 {Firouzja,Alireza} c6 2. d4 d5 3. e5 Bf5 4. h4 h5 5. c4 e6 6. Nc3 Ne7 7. Nge2 Nd7 8. Ng3 Bg6 9. Bg5 Qb6 10. Rc1 dxc4 ({RR} 10... Qxb2 11. Bd3 Bxd3 12. Qxd3 dxc4 13. Qxc4 Nb6 14. Qd3 Ned5 15. O-O) 11. Bxc4 O-O-O ({RR} 11... Nf5 12. O-O Be7 ({RR} 12... Qxd4 13. Nb5 cxb5 ({RR} 13... Qb6 14. Nxf5 Bxf5 15. Nd6+ Bxd6 16. Bxe6 ({RR} 16. Qxd6 Qc5) 16... fxe6 17. Qxd6 Kf7 18. Qxd7+ Kg8 19. Rcd1) 14. Bxb5 a6 15. Qxd4 Nxd4 16. Bxd7+ Kxd7 17. Rfd1) 13. Nxf5 Bxf5 14. Bxe7 Kxe7 15. Qd2 Qd8 16. Nd1 Nb6 17. Ne3 Kf8 ({RR} 17... g6 18. Nxf5+ gxf5 19. Be2) 18. Nxf5 exf5 19. Bb3 Qxh4 20. Rfe1 ({RR} 20. e6 fxe6 21. Bxe6 Rd8) 20... Rh6 ({RR} 20... Rd8 21. e6 fxe6 22. Rxe6 Qxd4 23. Qg5) 21. e6 fxe6 22. Bxe6 Re8 23. Bxf5 Rxe1+ 24. Rxe1 Qd8 ({RR} 24... Nc4 25. Qb4+ Nd6 26. Be6 Qd8) 25. Qd3 Kf7 26. Qf3 {1-0 Firouzja,A (2723)-Artemiev,V (2731) Tata Steel-A 82nd 2020 (3)} {RR} Kg8 27. Be6+ Kh8 28. Bf7) 12. Na4 Qc7 13. Qb3 Nb6 $146 ({RR} 13... f6 14. Be3 Nd5 15. O-O N7b6 16. Nxb6+ Qxb6 17. Qxb6 axb6 18. Bxd5 Rxd5 19. f4 Be7 20. Ne2 Bd3 21. Nc3 Bxf1 22. Nxd5 exd5 23. Rxf1 f5 24. g3 Kd7 25. Rc1 Ra8 26. a3 Ra4 27. Bf2 b5 28. Kf1 {0-1 Battistelli,F (2011)-Perea Fruet,F (2094) 32nd EY Open U14 2024 (9.27)}) 14. Nc5 Rxd4 15. Bxe6+ fxe6 16. Qxe6+ Kb8 17. O-O Bh7 18. Qf7 Ned5 19. Qe8+ Qc8 20. Bd8 Bg6 21. Qxg6 Bxc5 22. Bg5 Be7 23. Nf5 Bxg5 24. Nxd4 Bxc1 25. Rxc1 Qd7 26. e6 Nf4 27. exd7 Nxg6 28. Rd1 Rd8 29. Ne6 Rxd7 30. Rxd7 Nxd7 31. Nxg7 Nf6 32. g3 Kc7 33. f3 Kd6 34. Kf2 Ke5 35. Ke3 Ne7 36. f4+ Kd5 37. Kf3 c5 38. g4 hxg4+ 39. Kg3 Ke4 40. h5 Nf5+ 41. Nxf5 Kxf5 42. h6 Kg6 0-1

[Event "45th Olympiad 2024"]
[Site "Budapest HUN"]
[Date "2024.09.18"]
[Round "7.24"]
[Board "4"]
[White "Almeida Quintana, Omar"]
[Black "Almiron, Antonio"]
[Result "1/2-1/2"]
[WhiteElo "2492"]
[BlackElo "2312"]
[PlyCount "73"]
[EventDate "2024.09.11"]
[WhiteTeam "Cuba"]
[BlackTeam "Paraguay"]
[WhiteTeamCountry "CUB"]
[BlackTeamCountry "PAR"]

1. d4 {Hjartarson,Johann} Nf6 2. Nf3 e6 3. c4 b6 4. a3 Bb7 5. Nc3 d5 6. cxd5 Nxd5 7. Bd2 Nd7 8. Qc2 c5 9. e4 Nxc3 10. Bxc3 cxd4 11. Nxd4 ({RR} 11. Bxd4 Rc8 12. Bc3 a6 13. Bd3 Be7 14. O-O Bf6 15. e5 Nxe5 16. Nxe5 Bxe5 17. Bxa6 Bxh2+ 18. Kxh2 Qh4+ 19. Kg1 Bxa6) 11... a6 12. g3 ({RR} 12. Nf3 Qc7 13. Rc1 Rc8) ({RR} 12. Rd1 Qc7 13. Be2 Be7 14. O-O O-O) 12... Be7 ({RR} 12... Qc7 13. Bg2 Bc5 ({RR} 13... Rc8) ({RR} 13... Be7) 14. Rc1 ({RR} 14. Qe2 O-O 15. O-O Rac8 16. Rfd1 Rfd8 17. Rac1 Bf8 18. Qe3 Nc5 ({RR} 18... Ne5 19. Bb4 Nc4 20. Qe2 Bxb4 21. axb4) 19. Be1 ({RR} 19. f3 Na4 20. Bb4) 19... Qd7 20. Rd2 Qa4 {RR} 21. b4 Nd7) 14... O-O 15. O-O Rac8 ({RR} 15... Rad8 16. Nb3 Be7 17. Qe2 Qb8 18. Rfd1 Rfe8) 16. Nb3 Be7 ({RR} 16... Rfd8 17. Nxc5 Nxc5 18. Qe2) ({RR} 16... Qb8 17. Nxc5 Nxc5 18. b4 Nd7 19. Qb2) 17. Qd1 Ne5 ({RR} 17... Rfd8 18. Bxg7 Nc5 19. Bd4 e5 20. Qg4+) ({RR} 17... Nc5 18. Qg4 ({RR} 18. Nxc5 Qxc5 ({RR} 18... bxc5 19. Qe2) 19. Bxg7 ({RR} 19. Qg4 Qg5) 19... Qxc1 20. Qxc1 Rxc1 21. Rxc1 Kxg7 22. Rc7 Bxa3 23. bxa3 Rb8) 18... e5 19. Bb4 ({RR} 19. Nxc5 Bxc5)) 18. Bxe5 Qxe5 19. Qd7 Bg5 20. f4 Rxc1 21. fxe5) 13. Bg2 O-O 14. O-O Rc8 ({RR} 14... Qc7 15. Rac1 Rac8 16. Qe2 Rfd8 17. Nb3 Ne5 18. Bb4 Qd7 19. Bxe7 Qxe7 20. f4 Nd7 21. e5 Nc5) 15. Rfd1 Rc7 $146 ({RR} 15... Qc7 16. Qe2 Rfd8 ({RR} 16... b5 17. Rac1 Qb8 18. Nxb5) 17. Rac1 Nc5 ({RR} 17... Qb8 18. Nxe6 ({RR} 18. Rc2 Nf6 19. f3 Nd7 20. Rcd2 Nc5 21. Nc2) 18... fxe6 19. Qg4 Nf6 20. Qxe6+ Kf8 21. e5 Ne8 22. Qf5+ Kg8 23. Qe6+) 18. Bb4 ({RR} 18. Qg4 Bf8 ({RR} 18... Bf6 19. Nb5 ({RR} 19. Nxe6 Nxe6 20. Bxf6 Rxd1+ 21. Rxd1 h5) 19... Rxd1+ ({RR} 19... axb5 20. Bxf6 Rxd1+ 21. Rxd1 g6 22. Qg5) 20. Rxd1 Qe7 21. Nd6 Rd8 22. e5 Bg5 23. Bxb7 Nxb7 24. h4 Bh6 25. Nxb7 Rxd1+ 26. Qxd1)) ({RR} 18. b4 Na4) 18... Qb8 19. Nb3 ({RR} 19. h4 a5 20. Be1) 19... Bg5 20. Bd2 ({RR} 20. Nxc5 Bxc1) 20... Bxd2 21. Nxd2 h6 22. Nc4 Qc7 23. Rxd8+ ({RR} 23. e5 Bxg2 ({RR} 23... Nb3 24. Rc3 Bxg2 25. Nd6) 24. Kxg2 {RR} Nb3 25. Rc3 Qc6+ 26. Kg1 Qb5) 23... Rxd8 24. Na5 ({RR} 24. e5) 24... bxa5 25. b4 ({RR} 25. Qe3 Qb6 26. Rxc5 Qxb2 27. h3 Rd1+ 28. Kh2 Rd2) 25... axb4 26. axb4 Bc6 27. bxc5 ({RR} 27. Rxc5 Qb7 {RR} 28. Qc2 Be8) 27... Qb7 ({RR} 27... a5 28. Qa6) 28. Bf1 ({RR} 28. f4) 28... a5 29. Qa6 Qxa6 30. Bxa6 {0-1 Cramling,P (2520)-Hjartarson,J (2590) Reykjavik zt 1995 (8)} {RR} Bxe4 31. c6) 16. Bh3 Bf6 17. Qe2 Re8 18. Bb4 Be7 19. e5 Bc5 20. Bxc5 bxc5 21. Nc2 Qb8 22. f4 Nb6 23. Ne3 Rd8 24. f5 Kh8 25. fxe6 fxe6 26. Bxe6 Re8 27. Qg4 Rce7 28. Rd6 Nc8 29. Nf5 Nxd6 30. exd6 g6 31. dxe7 Qe5 32. Rf1 Qxe6 33. Nh6 Qe3+ 34. Rf2 Qe1+ 35. Rf1 Qe3+ 36. Rf2 Qe1+ 37. Rf1 1/2-1/2

[Event "45th Olympiad 2024"]
[Site "Budapest HUN"]
[Date "2024.09.18"]
[Round "7.25"]
[Board "1"]
[White "Meier, Georg"]
[Black "Kadric, Denis"]
[Result "1/2-1/2"]
[WhiteElo "2591"]
[BlackElo "2553"]
[PlyCount "107"]
[EventDate "2024.09.11"]
[WhiteTeam "Uruguay"]
[BlackTeam "Montenegro"]
[WhiteTeamCountry "URU"]
[BlackTeamCountry "MNE"]

1. Nf3 Nf6 2. c4 d6 3. d4 g6 4. Nc3 $146 Bg7 5. g3 Bf5 6. Bg2 Ne4 7. Nb1 Nf6 8. O-O c6 9. b3 O-O 10. Bb2 a5 ({RR} 10... Qc8 11. Re1 Bh3 12. e4 Bxg2 13. Kxg2 Nfd7 14. Nc3 Na6 15. Qd2 Nc7 16. d5 Re8 17. Rad1 a6 18. h3 Rb8 19. Ne2 Nf6 20. Nf4 cxd5 21. cxd5 Qd7 22. e5 dxe5 23. Nxe5 Qb5 24. d6 Rbd8 25. Qc2 {1-0 Ribli,Z (2620)-Bischoff,K (2465) Munich 1988}) ({RR} 10... d5 11. e3 a5 12. Nc3 Ne4 13. Qe2 Nxc3 14. Bxc3 Be4 15. Bh3 Bxf3 16. Qxf3 e6 17. a4 Nd7 18. Rfd1 Re8 19. Qe2 Nf6 20. Bg2 Bf8 21. Qe1 Qb6 22. c5 Qc7 23. b4 axb4 24. Bxb4 e5 25. dxe5 {½-½ Mamedyarov,S (2791)-Rakhmanov,A (2654) RUS-chT blitz 2017 (7)}) ({RR} 10... d5 11. Nbd2 Ne4 12. e3 Nd7 13. Qe2 a5 14. Rfc1 a4 15. Nxe4 Bxe4 16. cxd5 cxd5 {½-½ Todorov,O (2294)-Janev,E (2503) Plovdiv Tringov Memorial 34th 2012 (5)}) 11. Nc3 Ne4 12. Rc1 Nxc3 13. Bxc3 Be4 14. e3 d5 ({RR} 14... b5 15. Qe2 b4 16. Bb2 Qc8 17. Rfd1 a4 18. Bf1 c5 19. Ng5 Bb7 20. d5 Bxb2 21. Qxb2 Qf5 22. f4 Nd7 23. Bh3 Qf6 24. Qe2 axb3 25. axb3 Nb6 26. e4 Ra3 27. e5 Qg7 28. exd6 exd6 29. Qe7 {½-½ Negrean,A (2040)-Ciorgovean,I (2310) ch-ROU 2024 Eforie Nord ROU (6.15)}) 15. Bh3 e6 16. Nd2 Bd3 17. Re1 Nd7 18. e4 Nb6 19. cxd5 cxd5 20. e5 Bh6 21. Qf3 Bb5 22. a4 Bd7 23. Qd3 Nc8 24. f4 b5 25. axb5 Na7 26. Nf3 Qb6 27. Bd2 Nxb5 28. Bf1 Rfb8 29. f5 Bf8 30. fxg6 fxg6 31. Qe3 a4 32. bxa4 Rxa4 33. Rb1 Qa7 34. Rb3 Na3 35. Rxb8 Qxb8 36. Qf4 Be7 37. Bd3 Nc4 38. Rb1 Qa8 39. Bc1 Ra1 40. Ng5 Bxg5 41. Qxg5 Rxb1 42. Bxb1 Qf8 43. Kg2 Na5 44. Bd3 Nc6 45. Be3 Be8 46. h4 Qa3 47. Be2 Qb2 48. Qg4 Bf7 49. Kf2 Ne7 50. Qg5 Nf5 51. Qd8+ Kg7 52. Qf6+ Kg8 53. Qd8+ Kg7 54. Qf6+ 1/2-1/2

[Event "45th Olympiad 2024"]
[Site "Budapest HUN"]
[Date "2024.09.18"]
[Round "7.25"]
[Board "2"]
[White "Petrov, Nikita"]
[Black "Rodriguez Vila, Andres"]
[Result "1-0"]
[WhiteElo "2574"]
[BlackElo "2417"]
[PlyCount "91"]
[EventDate "2024.09.11"]
[WhiteTeam "Montenegro"]
[BlackTeam "Uruguay"]
[WhiteTeamCountry "MNE"]
[BlackTeamCountry "URU"]

1. d4 {Ramirez Alvarez,Alejandro} e6 2. c4 Bb4+ 3. Nd2 c5 4. a3 Bxd2+ 5. Qxd2 cxd4 6. Nf3 Nf6 7. Nxd4 O-O 8. b4 ({RR} 8. e3 d5 9. cxd5 Qxd5 10. Nb5 Qc6 ({RR} 10... Qxd2+ 11. Bxd2 Nc6 12. f3) 11. f3 a6 12. Nc3 ({RR} 12. Nd4 Qc7) 12... e5 13. e4 Nbd7 ({RR} 13... Be6) 14. Qf2 Nc5 15. Be3 Nb3 16. Rd1 Be6 17. Be2 Rfd8 18. O-O Ne8 19. Qg3 f6 20. f4 Nd4 21. Bh5 ({RR} 21. fxe5 Nxe2+ ({RR} 21... Qxc3 22. Bxd4 ({RR} 22. bxc3 Nxe2+ 23. Kf2 Nxg3) 22... Qxg3 23. hxg3) 22. Nxe2 Rxd1 23. Rxd1 Qxe4) 21... Bc4 22. fxe5 Bxf1 {½-½ Kasparov,G (2812)-Short,N (2664) Saint Louis Legends rapid m 2015 (1)}) ({RR} 8. g3 d5 9. cxd5 Qxd5) ({RR} 8. e3 b6 9. Be2 Bb7 10. O-O Nc6 11. Rd1 Rc8 12. b3 Na5 13. Qb2 d5 14. Bd2 Ne4 15. Bb4 Qf6 16. f3 Nc5 17. Bxa5 bxa5 18. b4 Nd7 19. c5 a6 20. Rab1 e5 21. Nb3 axb4 22. axb4 Rc7 {1-0 Hoffman,A (2454)-Rodriguez Vila,A (2495) URU-ch 90th Montevideo 2019 (8)}) 8... d5 9. e3 e5 ({RR} 9... a6 10. Bb2 dxc4 11. Bxc4 b5 12. Bb3 Bb7 13. Rd1 Ne4 14. Qe2 Qg5 15. f3 Qh4+ 16. g3 Nxg3 17. Qf2 e5 18. Rg1 exd4 19. Rxd4 Qe7 20. Rxg3 g6 21. Qg1 Qf6 22. Rd2 Qf5 23. e4 Re8 24. Qd4 {1-0 Sivakumar,A (2200)-Lee,J (1620) Tanglin op Singapore 2022 (4)}) 10. Nf3 $146 ({RR} 10. Nb3 Be6 11. Nc5 Nbd7 12. Nxb7 Qc7 13. cxd5 Ne4 14. Qb2 Bxd5 15. Na5 Nb6 16. Bd3 Ng5 17. e4 Nxe4 18. O-O Rac8 19. Re1 f5 20. Bxe4 fxe4 21. Be3 Qd6 22. Bc5 Qg6 23. Re3 Rf5 24. Rd1 Qf7 {0-1 Sorin,A (2420)-Rodriguez Vila,A (2486) Buenos Aires Carril Oeste 2017 (3)}) 10... e4 11. Nd4 Nbd7 12. Bb2 Ne5 13. c5 Qe7 14. Rc1 Rd8 15. Qc3 Nfg4 16. Rc2 Qg5 17. Rd2 Bd7 18. h3 Nf6 19. Ne6 Nd3+ 20. Qxd3 fxe6 21. Qd4 Rdc8 22. h4 Qh6 23. Be2 Ne8 24. Qe5 a5 25. g4 Qf6 26. Qg3 Qe7 27. g5 axb4 28. axb4 Ra4 29. h5 Rxb4 30. h6 Qxc5 31. O-O Rxb2 32. Rxb2 b5 33. Rfb1 Qd6 34. Qh4 Nc7 35. hxg7 Qe5 36. Rc2 Ne8 37. Rxc8 Bxc8 38. Bxb5 Nxg7 39. g6 hxg6 40. Qd8+ Kh7 41. Qxc8 d4 42. exd4 Qg5+ 43. Kf1 e3 44. Qf8 Qd5 45. Bd3 Qxd4 46. Ke2 1-0

[Event "45th Olympiad 2024"]
[Site "Budapest HUN"]
[Date "2024.09.18"]
[Round "7.25"]
[Board "3"]
[White "Vazquez, Facundo"]
[Black "Djukic, Nikola"]
[Result "1/2-1/2"]
[WhiteElo "2388"]
[BlackElo "2515"]
[PlyCount "98"]
[EventDate "2024.09.11"]
[WhiteTeam "Uruguay"]
[BlackTeam "Montenegro"]
[WhiteTeamCountry "URU"]
[BlackTeamCountry "MNE"]

1. d4 Nf6 2. c4 e6 3. g3 c5 4. d5 exd5 5. cxd5 d6 6. Nc3 g6 7. Bg2 Bg7 8. Nf3 O-O 9. O-O Re8 10. Bf4 h6 11. Qc1 g5 12. Bd2 Bf5 13. h4 ({RR} 13. Rd1 Nbd7 14. h4 g4 15. Nh2 Kh7 16. Nf1 Ne5 17. Ne3 Bg6 18. b3 Nfd7 19. a4 h5 20. Ra2 a6 21. Ne4 Qe7 22. a5 Kg8 23. Bc3 Bh6 24. Nf5 Bxc1 25. Nxe7+ Rxe7 26. Rxc1 Bxe4 27. Bxe4 Nf6 {0-1 Jakovenko,D (2704)-Pantsulaia,L (2607) Wch Rapid Doha 2016 (3)}) 13... g4 14. Ne1 Kh7 15. Nd3 ({RR} 15. Nc2 Nbd7 16. Bf4 Ne5 17. Ne3 Bg6 18. Bxe5 Rxe5 19. Nc4 Re7 20. Qf4 Rd7 21. e4 h5 22. e5 dxe5 23. Nxe5 Re7 24. d6 Re6 25. Nxg6 fxg6 26. Rad1 Qd7 27. Rd3 Rae8 28. Rfd1 Re1+ 29. Kh2 Rxd1 {1-0 Spizharny,M (2306)-Brodsky,D (2519) Titled Tue 27th Aug Early 2024 (2)}) 15... a6 $146 ({RR} 15... Nbd7 16. Re1 c4 17. Nf4 Ne5 18. Nb5 Qb6 19. a4 Ne4 20. Be3 Nc5 21. Nd4 Bd7 22. Qc2+ Kg8 23. Nh5 Bh8 24. Nf5 Bxf5 25. Qxf5 Qxb2 26. Rab1 Qc3 27. Rec1 Qa3 28. Bxh6 Ncd7 29. Rxb7 Nf8 30. Nf6+ {1-0 Kim,A (2093)-Shoshin,K (2314) Serbia Open 2023 (4.37)}) 16. a4 Nbd7 17. Nf4 Ne5 18. Nd1 b5 19. Ne3 Bd7 20. Qc2+ Kg8 21. Bc3 Qe7 22. Rfd1 Rec8 23. Nf5 Bxf5 24. Qxf5 c4 25. Nh5 Nxh5 26. Qxh5 Rcb8 27. Be4 b4 28. Bd4 Rb7 29. Rac1 c3 30. bxc3 b3 31. Rb1 Rc8 32. Bh7+ Kf8 33. Bf5 Rc4 34. Bxg4 Rxa4 35. e4 a5 36. Qf5 Rc4 37. Be2 Rcc7 38. Qh7 a4 39. f4 a3 40. fxe5 dxe5 41. d6 Qxd6 42. Be3 Qg6 43. Rd8+ Ke7 44. Qg8 Qxg3+ 45. Kf1 Qh3+ 46. Kf2 Qh2+ 47. Kf3 Qh3+ 48. Kf2 Qh2+ 49. Kf3 Qh3+ 1/2-1/2

[Event "45th Olympiad 2024"]
[Site "Budapest HUN"]
[Date "2024.09.18"]
[Round "7.25"]
[Board "4"]
[White "Draskovic, Luka"]
[Black "Coppola, Claudio"]
[Result "1-0"]
[WhiteElo "2497"]
[BlackElo "2286"]
[PlyCount "65"]
[EventDate "2024.09.11"]
[WhiteTeam "Montenegro"]
[BlackTeam "Uruguay"]
[WhiteTeamCountry "MNE"]
[BlackTeamCountry "URU"]

1. Nf3 d5 2. g3 Nc6 3. d4 Bf5 4. Bg2 Nb4 5. Na3 e6 6. c3 Nc6 7. Qb3 a6 $146 ({RR} 7... Rb8 8. O-O Be7 9. Re1 Nf6 10. Nd2 b5 11. Qd1 Bxa3 12. bxa3 O-O 13. Nb3 Ne4 14. f3 Nxc3 15. Qd2 Na4 16. e4 Bg6 17. Qf2 Nb6 18. h4 Nc4 19. Bg5 f6 20. Bc1 dxe4 21. fxe4 a5 22. d5 {0-1 Meskovs,N (2582)-Bluebaum,M (2647) Titled Tuesday intern op 19th May blitz 2020 (10)}) ({RR} 7... Rb8 8. Nh4 Bg4 9. h3 Bh5 10. e4 Nf6 11. exd5 Nxd5 12. O-O Be7 13. Nf5 Bf6 14. Ne3 Nxe3 15. Bxe3 O-O 16. Qb5 Bg6 17. Rad1 Ne7 18. Qe2 Nd5 19. Bc1 c6 20. Nc4 Qc7 21. h4 h6 22. Ne5 {½-½ Gelfand,B (2678)-Aronian,L (2745) Satty Zhuldyz Blitz 2023 (6.5)}) ({RR} 7... Bxa3 8. Qxa3 Nge7 9. Qb3 a5 10. Nh4 a4 11. Qd1 Bg4 12. h3 Bh5 13. g4 Bg6 14. Nxg6 Nxg6 15. Rg1 Qd6 16. Qd3 O-O 17. Bh1 Na5 18. Qg3 Qe7 19. f4 Rfe8 20. Qf2 Nc4 21. e4 dxe4 22. Bxe4 {0-1 Onischuk,V (2619)-Ivanisevic,I (2536) Budapest Spring Open 2024 (7.1)}) ({RR} 7... Rb8 8. O-O h6 9. Qa4 Qd7 10. Nd2 Nf6 11. Re1 Be7 12. e4 dxe4 13. Nxe4 Nxe4 14. Bxe4 Bxe4 15. Rxe4 Bxa3 16. Qxa3 Qe7 17. Qb3 O-O 18. Bf4 Qd7 19. Rae1 Ne7 20. c4 Nf5 21. d5 exd5 22. cxd5 {½-½ Vastrukhin,O (2401)-Van Dael,S (2285) Titled Tuesday intern op 4th Aug 2pm blitz 2020 (1)}) ({RR} 7... Rb8 8. Nh4 Bg4 9. h3 Bh5 10. e4 dxe4 11. Bxe4 Be7 12. Qb5 Nf6 13. Bg2 O-O 14. O-O Nd5 15. Nf5 Bxa3 16. bxa3 Bg6 17. Bxd5 exd5 18. Ne3 Ne7 19. a4 c6 20. Qb3 Re8 21. Bd2 Qd7 22. Kh2 {½-½ Drasko,M (2453)-Milanovic,D (2496) MNT-chT Niksic 2016 (1.2)}) 8. O-O Nf6 9. Bg5 Na5 10. Qd1 h6 11. Bxf6 gxf6 12. Nb1 b5 13. Nbd2 c6 14. Re1 Bg7 15. e4 Bh7 16. e5 f5 17. a4 O-O 18. b4 Nb7 19. Qe2 Qd7 20. Bf1 Rfc8 21. a5 Qe7 22. Qe3 Kh8 23. Bd3 Rg8 24. Kh1 Bg6 25. Rg1 Bh5 26. h3 Raf8 27. g4 fxg4 28. hxg4 Bg6 29. g5 hxg5 30. Nxg5 Bh6 31. Qh3 Kg7 32. Nxe6+ Qxe6 33. Qxe6 1-0